Network authentication using computer finger print for sourc (Record no. 137919)

000 -LEADER
fixed length control field 00367nam a2200097Ia 4500
008 - FIXED-LENGTH DATA ELEMENTS--GENERAL INFORMATION
fixed length control field 220120s9999||||xx |||||||||||||| ||und||
100 ## - MAIN ENTRY--PERSONAL NAME
Personal name Aiyappa H.M, Bopanna P.G, Dinston Rozario J and Nanaiah, K.C
9 (RLIN) 12333
245 #0 - TITLE STATEMENT
Title Network authentication using computer finger print for sourc
260 ## - PUBLICATION, DISTRIBUTION, ETC.
Place of publication, distribution, etc. Coorg Institute of Technology
Name of publisher, distributor, etc. Ponnampet
Date of publication, distribution, etc. 2011
650 ## - SUBJECT ADDED ENTRY--TOPICAL TERM
Topical term or geographic name entry element COMPUTER SCIENCE
Holdings
Withdrawn status Lost status Damaged status Not for loan Home library Current library Date acquired Full call number Barcode Date last seen Price effective from Koha item type
        Central Library Central Library 01/20/2022 004 AIY PR310 01/20/2022 01/20/2022 Project Reports

Powered by Koha